University Home | Library Home | Institutional Repository

Geographical conversion tables : (Record no. 149368)

MARC details
000 -LEADER
fixed length control field 01124cam2a220027700 4500
001 - CONTROL NUMBER
control field qce01170121
005 - DATE AND TIME OF LATEST TRANSACTION
control field 20190823103536.0
008 - FIXED-LENGTH DATA ELEMENTS--GENERAL INFORMATION
fixed length control field 760524s1961 sz ab b 000 0 eng
010 ## - LIBRARY OF CONGRESS CONTROL NUMBER
LC control number 63025397
035 ## - SYSTEM CONTROL NUMBER
System control number (Sirsi) r13658
035 ## - SYSTEM CONTROL NUMBER
System control number (QCAT)lss01262436
035 ## - SYSTEM CONTROL NUMBER
System control number (UPRA)qce01170121
040 ## - CATALOGING SOURCE
Modifying agency UPRA
050 0# - LIBRARY OF CONGRESS CALL NUMBER
Classification number QC88
Item number .I58
110 2# - MAIN ENTRY--CORPORATE NAME
Corporate name or jurisdiction name as entry element International Geographical Union.
Linkage A13180.1
245 10 - TITLE STATEMENT
Title Geographical conversion tables :
Remainder of title Tables de conversion geographiques. Geographische Umrechnungstafeln. Geograficheskie tablitsy perevoda. Tablas de conversiones geograficas /
Statement of responsibility, etc. compiled and edited by D.H.K. Amiran and A.P. Schick.
260 ## - PUBLICATION, DISTRIBUTION, ETC.
Place of publication, distribution, etc. Zurich,
Date of publication, distribution, etc. 1961.
500 ## - GENERAL NOTE
General note Errata sheet inserted.
500 ## - GENERAL NOTE
General note In English, French, German, Russian & Spanish.
504 ## - BIBLIOGRAPHY, ETC. NOTE
Bibliography, etc. note Bibliographical footnotes.
650 #0 - SUBJECT ADDED ENTRY--TOPICAL TERM
Topical term or geographic name entry element Mensuration -- Conversion tables.
General subdivision Mensuration -- Conversion tables.
Linkage S52462.1
700 1# - ADDED ENTRY--PERSONAL NAME
Personal name Amiran, David H. K., 1910-
Dates associated with a name Amiran, David H. K., 1910-
Linkage A69039.1
700 1# - ADDED ENTRY--PERSONAL NAME
Personal name Schick, A. P.
Linkage A69040.1
949 ## - LOCAL PROCESSING INFORMATION (OCLC)
a QC88
w lcc
i 33729000269048
m MAIN
p 2500
t BOOK
l ON-SHELF

No items available.

© 2026 - The University of Zambia Library - Koha v25.11